00477nam a2200169 a 450008200180000010000200001824500300003826000290006830000080009750000350010550500100014065000190015070000200016994200070018995200980019699900130029400a297.294bSADE aSadek, Mohammad aWarning to Cow-Protectors aSuratbDeshi Mitrac1911 a71p aincludes index and biblioraphy2 aindex aCow-Protectors1 aSadek, Mohammad cBK 00104070aHMIbHMId2007-07-31g100.00l0o297.294 SADEp00292r2007-07-31w2026-01-16yEB c523d523